Most Streamed Songs of Taylor Swift Albums - Statistics

General Stats
  • This quiz has been taken 104 times
  • The average score is 42 of 55
Answer Stats
Album Streams Answer % Correct
Taylor Swift 361.5 mil Our Song
92%
1989 1.89 bil Blank Space
90%
Fearless 919.0 mil Love Story
90%
Fearless 662.8 mil You Belong With Me
90%
Fearless 720.2 mil You Belong With Me (Taylor's Version)
90%
Lover 1.51 bil Lover
89%
reputation 1.19 bil Look What You Made Me Do | LWYMMD
88%
Lover 2.42 bil Cruel Summer
87%
Taylor Swift 137.1 mil Tim McGraw
87%
TTPD 609.9 mil Fortnight
86%
Taylor Swift 204.7 mil Picture To Burn
86%
Midnights 1.64 bil Anti-Hero
85%
folklore 1.39 bil cardigan
85%
Lover 879.3 mil ME!
85%
Red 887.2 mil All Too Well (10 Minute Version) (Taylor's Version) (From The Vault)
83%
Speak Now 836.7 mil Enchanted
83%
Speak Now 323.4 mil Enchanted (Taylor's Version)
83%
1989 1.46 bil Shake It Off
83%
Taylor Swift 222.9 mil Teardrops On My Guitar | TOMG
83%
Red 685.5 mil We Are Never Ever Getting Back Together | WANEGBT
83%
evermore 883.8 mil willow
83%
reputation 1.03 bil Delicate
82%
Midnights 822.6 mil Karma
82%
folklore 1.20 bil august
81%
reputation 1.19 bil Don't Blame Me
81%
1989 990.3 mil Wildest Dreams
81%
1989 777.7 mil Wildest Dreams (Taylor's Version)
81%
Red 869.4 mil I Knew You Were Trouble
80%
Red 383.4 mil I Knew You Were Trouble (Taylor's Version)
80%
1989 1.26 bil Style
80%
Red 400.3 mil 22
79%
reputation 777.7 mil ...Ready For It?
79%
Midnights 742.2 mil Lavender Haze
77%
Lover 809.5 mil The Man
77%
evermore 645.5 mil champagne problems
76%
Taylor Swift 127.9 mil Should've Said No
76%
Lover 973.0 mil You Need To Calm Down | YNTCD
76%
TTPD 407.2 mil I Can Do It With A Broken Heart | ICDIWABH
75%
reputation 697.5 mil Getaway Car
74%
Speak Now 234.9 mil Mean
73%
Speak Now 403.8 mil Back To December
71%
folklore 794.0 mil exile
71%
folklore 531.4 mil my tears ricochet
70%
folklore 596.8 mil the 1
68%
evermore 331.5 mil tolerate it
68%
Midnights 621.6 mil You're On Your Own, Kid | YOYOK
67%
TTPD 302.3 mil Down Bad
64%
Midnights 687.3 mil Midnight Rain
64%
evermore 297.5 mil gold rush
61%
TTPD 244.5 mil Who's Afraid Of Little Old Me? | WAOLOM
61%
Fearless 435.3 mil The Way I Loved You (Taylor's Version)
56%
evermore 349.2 mil right where you left me | RWYLM
54%
TTPD 241.9 mil So Long, London
52%
Speak Now 265.0 mil I Can See You (Taylor's Version) (From The Vault)
46%
Fearless 826.7 mil Love Story (Taylor's Version)
23%
No matching quizzes found
Score Distribution
Percent of People with Each Score
Percentile by Number Answered
Your Score History
You have not taken this quiz